| 000 | 01035cam a2200289 i 4500 | ||
|---|---|---|---|
| 001 | 60931 | ||
| 003 | Mx-PuUPA | ||
| 005 | 20220104103043.0 | ||
| 008 | 140415s2002 sp r 000 0 spa d | ||
| 020 | _a846700035X | ||
| 040 |
_erda _aMx-PuUPA _bspa _cMx-PuUPA _dMx-PuUPA |
||
| 041 | 0 | _aspa | |
| 245 | 0 | 0 |
_aDiccionario de términos jurídicos : _bespañol-inglés, english-spanish / _ceditor, Margarita Ostojska Asencio. |
| 264 | 1 |
_aMadrid : _bEspasa Calpe, _c2002 |
|
| 300 |
_axiii, 414 páginas ; _c26 cm + _e1 disco de computadora (4 3/4 pulg.) |
||
| 336 |
_atexto _2rdacontent _btxt |
||
| 337 |
_asin medio _2rdamedia _bn |
||
| 337 |
_acomputadora _2rdamedia _bc |
||
| 338 |
_avolumen _2rdacarrier _bnc |
||
| 338 |
_adisco compacto _2rdacarrier _bcd |
||
| 650 | 7 |
_aDerecho _vDiccionarios _xEspañol - ingles _2armarc |
|
| 650 | 7 |
_aDerecho _vDiccionarios _xIngles - español |
|
| 700 | 1 |
_aOstojska Asensio, Margarita, _eeditor |
|
| 942 |
_2ddc _cLI _h340.03 _iD545 |
||
| 999 |
_c60931 _d60931 |
||